000 00475nam a2200145Ia 4500
008 100122s9999 xx 000 0 und d
082 _b57586
_a824
100 _aपाडळकर विजय
245 _aरानातील प्रकाश
260 _bमेहता पब्लिकेशन हाऊस
_c2000
300 _a78
630 _aरानातील प्रकाश
730 _aरानातील प्रकाश
942 _cBOOK
999 _c433754
_d433751